{"text_format":"3","workbook":"xlsx","n_sheets":3,"sheets":["封面","汇总表","307（现S309)亳州超限超载检测站科技卡点项目"],"not_rendered":{"defined_names":2},"read":"whole","date_system":"1900"}

{"sheet":"封面","index":0,"n_rows":8,"n_cols":1,"rows_kept":8,"merged":[[0,0,0,7],[1,0,3,7],[4,0,4,1],[4,2,4,5],[5,0,5,1],[5,2,5,5],[6,0,6,6],[7,0,7,1],[7,2,7,5],[8,0,8,6]]}
["\nS307（现S309）亳州超限超载检测站科技卡点系统及设备采购项目\n"]
["招标控制价"]
[]
[]
[]
[]
[]
["   编制时间："]

{"sheet":"汇总表","index":1,"n_rows":11,"n_cols":6,"rows_kept":11,"merged":[[0,0,0,5],[1,0,1,5],[2,2,2,4],[3,2,3,4],[5,0,5,5]]}
[{"$f":"封面!A1","v":"\nS307（现S309）亳州超限超载检测站科技卡点系统及设备采购项目\n"}]
["招标控制价汇总表"]
["序号","项目","招标控制价（元）\n",null,null,"备注"]
[1,"307（现S309）亳州超限超载检测站\n科技卡点项目\n",{"$f":"'307（现S309)亳州超限超载检测站科技卡点项目'!I20","v":{"v":2378657.41009174,"d":"2,378,657.41"}}]
[2,"其中报价（增值税）","税率",{"v":0,"d":"0%"},{"$f":"C4/(1+D5)*D5","v":{"v":0,"d":"0.00"}},"税率由投标单位根据自身情况自行填报，后期开票税率应与填报税率一致"]
[]
["投标单位（签章）："]
[]
["法定代表人或授权委托人："]
[]
["日期："]

{"sheet":"307（现S309)亳州超限超载检测站科技卡点项目","index":2,"n_rows":20,"n_cols":10,"rows_kept":20,"merged":[[0,0,0,9],[1,0,1,9],[2,0,3,0],[2,1,3,1],[2,2,3,2],[2,3,3,3],[2,4,3,4],[2,6,3,6],[2,7,3,7],[2,8,3,8],[2,9,3,9],[4,9,18,9],[19,0,19,4]]}
["S307（现S309）亳州超限超载检测站科技卡点系统及设备采购项目"]
["招标控制价清单"]
["材料名称","项目特征描述","计量单位","数量  ","综合单价\n（元，不含税）","税金","综合单价\n（元，含税）","合价（不含税）","合价(含税)"]
[]
["称重平板主体（标准型）","1、参数：车辆称重车速速度0.5～100km/h；首次检定最大允许误差±2.50％，使用中检验最大允许误差±5.00％；称重台与公路路面一体化安装方式不影响车辆通行；台板工作温度-35℃～65℃；工作环境湿度小于95％；整体式结构，承载面板同测力结构部分完全固化，无活动构件；通过车辆的单轴轴重40t；称重台面可按道路实际宽度定制，覆盖整个检测道路横断面，无检测死角；相邻台面之间采用“无缝”拼接技术，保证车辆在碾压台面接缝行驶时也可准确检测；在允许轴重下车辆总重量不限；标准型，适应车道宽度为：2.6m≤车道宽度＜4m\n2、备注：含控制柜、车检器、检测线圈、称体等\n3、其他：具体详见图纸、图集、答疑、招标文件、政府相关文件、规范等其他资料，满足验收要求","套",4,{"$f":"212537.35*0.85/1.09","v":{"v":165740.135321101,"d":"165740.14"}},{"$f":"E5*$F$4","v":{"v":0,"d":"0.00"}},{"$f":"E5+F5","v":{"v":165740.135321101,"d":"165740.14"}},{"$f":"D5*E5","v":{"v":662960.541284404,"d":"662960.54"}},{"$f":"G5*D5","v":{"v":662960.541284404,"d":"662960.54"}},"1、投标报价已包括所有成本、利润、保险、税金（增值税）等，以及招标文件明示或隐含的风险责任和义务。对于没有填入单价或合价的细目，其费用应视为已包括在投标报价表的其他单价或合价中；\n2、分供人供应、运输、卸货。供货方需确保质量问题，质保期内如存在质量问题，由分供人承担。\n3、投标报价表中所列数量的变动，丝毫不会降低或影响合同条款的效力，也不免除供货商按规定的标准进行供货及运输和更换不合格品的责任。"]
["称重平板主体（窄型）","1、参数：车辆称重车速速度0.5～100km/h；首次检定最大允许误差±2.50％，使用中检验最大允许误差±5.00％；称重台与公路路面一体化安装方式不影响车辆通行；台板工作温度-35℃～65℃；工作环境湿度小于95％；整体式结构，承载面板同测力结构部分完全固化，无活动构件；通过车辆的单轴轴重40t；称重台面可按道路实际宽度定制，覆盖整个检测道路横断面，无检测死角；相邻台面之间采用“无缝”拼接技术，保证车辆在碾压台面接缝行驶时也可准确检测；在允许轴重下车辆总重量不限；标准型，适应车道宽度为：＜2.6m\n2、备注：含控制柜、车检器、检测线圈、称体等\n3、其他：具体详见图纸、图集、答疑、招标文件、政府相关文件、规范等其他资料，满足验收要求","套",2,{"$f":"192837.35*0.85/1.09","v":150377.75},{"$f":"E6*$F$4","v":{"v":0,"d":"0.00"}},150377.75,{"v":300755.5,"d":"300755.50"},{"v":300755.5,"d":"300755.50"}]
["称重传感器","1、参数：电阻应变式传感器； 合金钢外壳材质；防护等级IP67；绝缘等级≥5000MΩ（50 VDC）；灵敏度1.45±0.05mv/v；量程≥15t，过载能力150%；工作温度范围-30℃～65℃。\n2、其他：具体详见图纸、图集、答疑、招标文件、政府相关文件、规范等其他资料，满足验收要求","只",64,{"$f":"11200.17*0.9/1.09","v":{"v":9247.84678899083,"d":"9247.85"}},{"$f":"E7*$F$4","v":{"v":0,"d":"0.00"}},{"v":9247.84678899083,"d":"9247.85"},{"v":591862.194495413,"d":"591862.19"},{"v":591862.194495413,"d":"591862.19"}]
["900万高清卡口","1、技术参数：①　像素900W，最大支持分辨率4096*2016；\n②　视频帧率：在1～25fps可调;\n③　设备可支持30种车型识别（包括：大型普通客车、大型双层客车、大型专用校车、重型特殊结构货车、轮式平底机械、轮式挖掘机械、轮式装载机械、普通二轮摩托车、轻便侧三轮摩托车、轻便正三轮载货摩托车、轻便正三轮载客摩托车、轻便普通货车、微型轿车、大型无轨电车、小型轿车、小型面包车、中型罐式货车、中型普通客车、中型平板半挂车、中型平板货车、中型普通半挂车、中型普通货车、中型厢式半挂车、中型厢式货车、重型车辆运输车、重型集装箱车、重型集装箱车挂车、重型普通货车、重型普通全挂车、重型厢式货车），白天识别准确率≥97%，夜晚识别准确率≥95%;\n④　★可对设定区域内的天窗开启露出人部分身体、未交替让行、双车挤入单车道等行为进行图片抓拍;\n⑤　★设备支持人脸区域自动曝光，可根据人脸区域和光照变化自动调节人脸区域曝光参数；可通过IE浏览器设置人脸自动曝光的参考亮度、最短持续时间和人脸过滤时间;\n⑥　★设备可对视频画面中高度超过设定阈值的车辆进行检测并抓拍图片\n⑦　★可通过IE浏览器设置人脸抓拍模式为最佳抓拍模式/快速抓拍模式；在最佳抓拍模式时，可设置抓拍次数、抓拍帧数间隔及抓拍阈值，次数可设置为1次~10次，间隔帧数可设置为1帧~255帧，抓拍阈值可设置为0~20;\n⑧　★支持多拍过滤功能，可设置多拍过滤时间段为0-320000ms，在此时间段内多次经过的车辆只抓拍一次;\n⑨　★支持对设定区域内的机动车是否悬挂车牌的情况进行检测并显示\n⑩　工作温度﹣45℃～70℃，工作湿度20%-90%（无凝结），外壳防护等级应不低于IP66;\n⑪　★支持异常车牌检测功能，可对故意遮挡及污损车牌进行判断和识别；\n⑫　支持车牌识别功能，在天气晴朗无雾，号牌无遮挡、无污损，白天环境光照度不低于200lx，晚上辅助光照度不高于30lx的条件下测试，白天和晚上的识别准确率均≥99%\n2、备注：含控制主机、、18套闪光灯、18套补光灯（其中有3套为交警抓拍系统）\n3、其他：满足验收要求","套",6,{"$f":"13218.48*0.85/1.09","v":{"v":10307.9889908257,"d":"10307.99"}},{"$f":"E8*$F$4","v":{"v":0,"d":"0.00"}},{"v":10307.9889908257,"d":"10307.99"},{"v":61847.9339449541,"d":"61847.93"},{"$f":"D8*G8","v":{"v":61847.9339449542,"d":"61847.93"}}]
["龙门架监控杆件","1、规格、型号：杆高最底端高6.5米，跨度大于12米;立柱采用热浸镀锌喷塑处理，镀锌厚度不小于270g/m2，喷塑厚度不小于0.076mm；立柱的壁厚不小于6mm\n2、其他：具体详见图纸、图集、答疑、招标文件、政府相关文件、规范等其他资料，满足验收要求","套",4,{"$f":"77866.56*0.85/1.09","v":{"v":60721.6293577982,"d":"60721.63"}},{"$f":"E9*$F$4","v":{"v":0,"d":"0.00"}},{"v":60721.6293577982,"d":"60721.63"},{"v":242886.517431193,"d":"242886.52"},{"v":242886.517431193,"d":"242886.52"}]
["F型预检信息发布板","1、技术参数：显示尺寸：3.2m×1.8m；LED视认角：≥30°；显示亮度：≥5500cd/m2；LED平均寿命为≥10000小时\n2、备注：含立柱、箱体、避雷及接地防护设施\n3、其他：具体详见图纸、图集、答疑、招标文件、政府相关文件、规范等其他资料，满足验收要求 ","套",2,{"$f":"205395.33*0.85/1.09","v":{"v":160170.670183486,"d":"160170.67"}},{"$f":"E10*$F$4","v":{"v":0,"d":"0.00"}},{"v":160170.670183486,"d":"160170.67"},{"v":320341.340366972,"d":"320341.34"},{"v":320341.340366972,"d":"320341.34"}]
["一体化球形摄像机","1、技术参数：500万像素传感器，图像分辨率≥2592×1944，支持不低于30倍光学变倍。具有1对音频输入/输出接口；支持1路报警输入、1路报警输出。具有H. 265、H. 264、M-JPEG 设置选项；具有G.711a、G .711u等音频编码设置选项。最低照度0.001Ix(彩色模式），0.0008 1x (黑白模式），能基本分辨被摄目标的轮廓特征。支持红外光补光，具有10颗红外补光灯；支持照明角度能随球机成像视角同步自动调节，照明范围可覆盖整个监控画面；具有10级灯光亮度可调，应具有手动/定时开关的功能。同一静止场景下，开启智能编码后，码率可节约70％，图像主观质量无明显降低；在H.265编码方式时，开启智能编码功能后，最低码率可以达到100Kbps，并可呈现正常监控画面。\n2、备注：彩色摄像机、镜头、室外全天候防护罩、云台、智能解码器\n3、其他：具体详见图纸、图集、答疑、招标文件、政府相关文件、规范等其他资料，满足验收要求","套",4,{"$f":"12227.49*0.85/1.09","v":{"v":9535.19862385321,"d":"9535.20"}},{"$f":"E11*$F$4","v":{"v":0,"d":"0.00"}},{"v":9535.19862385321,"d":"9535.20"},{"v":38140.7944954128,"d":"38140.79"},{"v":38140.7944954128,"d":"38140.79"}]
["一体化球形摄像机杆件","1、规格、型号：8m立柱\n2、其他：具体详见图纸、图集、答疑、招标文件、政府相关文件、规范等其他资料，满足验收要求","套",2,{"$f":"12564.5*0.85/1.09","v":{"v":9798.00458715596,"d":"9798.00"}},{"$f":"E12*$F$4","v":{"v":0,"d":"0.00"}},{"v":9798.00458715596,"d":"9798.00"},{"v":19596.0091743119,"d":"19596.01"},{"v":19596.0091743119,"d":"19596.01"}]
["光纤收发器","1、备注：信息发布屏\n2、其他：具体详见图纸、图集、答疑、招标文件、政府相关文件、规范等其他资料，满足验收要求","对",2,{"$f":"1415.98*0.85/1.09","v":{"v":1104.20458715596,"d":"1104.20"}},{"$f":"E13*$F$4","v":{"v":0,"d":"0.00"}},{"v":1104.20458715596,"d":"1104.20"},{"v":2208.40917431193,"d":"2208.41"},{"v":2208.40917431192,"d":"2208.41"}]
["工业以太网交换机","1、技术参数：24口千兆全网管二层交换机，机架式，24个千兆电口，4个万兆SFP+万口，支持通过console口管理。交换容量256Gbps，包转发率96Mpps，1U高度，19英寸宽，工作温度：0℃～45℃，满负荷功耗10W。支持VLAN,流量控制，ACL，QOS，环网RRPP，支持SNMP V1/V2c/V3网管。\n2、备注：接入\n3、其他：具体详见图纸、图集、答疑、招标文件、政府相关文件、规范等其他资料，满足验收要求","台",2,{"$f":"16089.31*0.85/1.09","v":{"v":12546.7096330275,"d":"12546.71"}},{"$f":"E14*$F$4","v":{"v":0,"d":"0.00"}},{"v":12546.7096330275,"d":"12546.71"},{"v":25093.419266055,"d":"25093.42"},{"v":25093.419266055,"d":"25093.42"}]
["配电箱","1、名称：监控配电箱\n2、其他：具体详见图纸、图集、答疑、招标文件、政府相关文件、规范等其他资料，满足验收要求","台",1,{"$f":"3328.12*0.85/1.09","v":{"v":2595.32293577982,"d":"2595.32"}},{"$f":"E15*$F$4","v":{"v":0,"d":"0.00"}},{"v":2595.32293577982,"d":"2595.32"},{"v":2595.32293577982,"d":"2595.32"},{"v":2595.32293577982,"d":"2595.32"}]
["超限检测标牌","1、部位：矩形标志牌\n2、材质：3003型铝合金板\n3、规格尺寸：3300*2400mm，采用300型和150型两种挤压成型的铝合金板拼接而成\n4、反光膜技术指标应满足GB/T18833-2012《道路交通反光膜》的要求\n5、符合验收要求","套",2,{"$f":"26565.24*0.85/1.09","v":{"v":20716.0128440367,"d":"20716.01"}},{"$f":"E16*$F$4","v":{"v":0,"d":"0.00"}},{"v":20716.0128440367,"d":"20716.01"},{"v":41432.0256880734,"d":"41432.03"},{"v":41432.0256880734,"d":"41432.03"}]
["解除、禁制变道标牌","3003型铝合金板、反光膜技术指标应满足GB/T18833-2012《道路交通反光膜》的要求，符合验收要求","套",2,{"$f":"26565.24*0.85/1.09","v":{"v":20716.0128440367,"d":"20716.01"}},{"$f":"E17*$F$4","v":{"v":0,"d":"0.00"}},{"v":20716.0128440367,"d":"20716.01"},{"v":41432.0256880734,"d":"41432.03"},{"v":41432.0256880734,"d":"41432.03"}]
["运营商专线租赁","1、其他：具体详见图纸、图集、答疑、招标文件、政府相关文件、规范等其他资料，满足验收要求","项",1,{"$f":"20135.8*0.85/1.09","v":{"v":15702.2293577982,"d":"15702.23"}},{"$f":"E18*$F$4","v":{"v":0,"d":"0.00"}},{"v":15702.2293577982,"d":"15702.23"},{"v":15702.2293577982,"d":"15702.23"},{"v":15702.2293577982,"d":"15702.23"}]
["为完成本项目所需的其他辅材","1、其他：具体详见图纸、图集、答疑、招标文件、政府相关文件、规范等其他资料，满足验收要求","项",1,{"$f":"15135.8*0.85/1.09","v":{"v":11803.1467889908,"d":"11803.15"}},{"$f":"E19*$F$4","v":{"v":0,"d":"0.00"}},{"v":11803.1467889908,"d":"11803.15"},{"v":11803.1467889908,"d":"11803.15"},{"v":11803.1467889908,"d":"11803.15"}]
["总价(元)",{"$nulls":6},{"$f":"SUM(H5:H19)","v":{"v":2378657.41009174,"d":"2378657.41"}},{"$f":"SUM(I5:I19)","v":{"v":2378657.41009174,"d":"2378657.41"}}]